Terrenos para un instituto de bachillerato y un colegio nacional en Pomar
Publicado:
San Jorge, núm. 89 (1r trimestre 1973), pàg 49 :
MARC
| LEADER | 00000nam a2200000Ia 4500 | ||
|---|---|---|---|
| 001 | |||
| 008 | 160829s9999 xx 000 0 cat d | ||
| 245 | |a Terrenos para un instituto de bachillerato y un colegio nacional en Pomar | ||
| 260 | |a San Jorge, núm. 89 (1r trimestre 1973), pàg 49 | ||
| 650 | |a Instituts de batxillerat |x Projectes i construcció |x Badalona |9 41857 | ||
| 650 | |a Escoles públiques |x Projectes i construcció |x Badalona |9 41858 | ||
| 650 | |a Pomar (Badalona : Barrri) |9 40423 | ||
| 901 | |a Arxiu | ||
| 942 | |n 1 | ||
| 952 | |0 0 |1 0 |4 0 |7 1 |9 50515 |a Arxiu |b Arxiu |d 2016-12-01 |l 0 |r 2016-12-01 00:00:00 |w 2016-12-01 |y ARXIU | ||
| 999 | |c 54357 |d 54357 | ||